00240nam a22000977a 4500008004100000020002200041100001500063245003400078260002200112300000800134251121b |||||||| |||| 00| 0 eng d a978-93-80027-78-4 aK.V. Kumar aNeural Networks & Fuzzy Logic aNew DelhibKatson a284